| 000 | 00415nam a22001571a 4500 | ||
|---|---|---|---|
| 020 | _a9788120831704 | ||
| 082 |
_aH 510.954 _bSUG/G |
||
| 100 | _aSuguman Acharya | ||
| 245 |
_aGanith shastre ke vikas ki bharathiya prampara/ _cby Suguman Acharya |
||
| 260 |
_aNew Delhi: _bMotilal Banarsidass, _c2006. |
||
| 300 | _a410p. | ||
| 650 | _aMathematic India | ||
| 650 | _aMathematic | ||
| 650 | _aScience | ||
| 942 | _cBK | ||
| 999 |
_c15538 _d15538 |
||